Statistics for Football Players With Most Red Cards

Click here to take the quiz!

General Stats

  • This quiz has been taken 21 times
  • The average score is 3 of 20

Answer Stats

Nr.Name of the Player% Correct
24Sergio Ramos
100%
14Jermaine Jones
21%
14Ricardo Quaresma
16%
15Alberto Lopo
11%
20Felipe Melo
11%
18Gary Medel
11%
17Gonzalo Rodríguez
11%
16Philippe Mexes
11%
22Alexis Ruano
5%
25Cyril Rool
5%
17Deividas Semberas
5%
19Fernando Amorebieta
5%
46Gerardo Bedoya
5%
18Gerardo Torrado
5%
14Giampiero Pinzi
5%
20Matteo Contini
5%
18Pablo Alfaro
5%
21Paolo Montero
5%
21Rafael Márquez
5%
17Yannik Cahuzak
5%

Score Distribution

Percentile by Number Answered

Percent of People with Each Score

Your Score History

You have not taken this quiz